Statistiken für Länder Südamerikas

Klicken Sie hier um das Quiz zu spielen!

Allgemein

  • Dieses Quiz wurde 11.834 mal gespielt
  • Das Durchschnittsergebnis liegt bei 11 aus 12

Antworten auf der Karte

Die Antworten werden auf der Karte rot bzw. grün angezeigt, abhängig davon wie oft sie richtig erraten wurden.
Laden ...
 

Antwortstatistiken

Land% Korrekt
Brasilien
100%
Argentinien
99%
Chile
99%
Peru
96%
Kolumbien
94%
Uruguay
94%
Bolivien
93%
Paraguay
93%
Venezuela
93%
Ecuador
89%
Guyana
79%
Suriname
76%

Verteilung der Resultate

Perzentil nach korrekt beantworteten Fragen

Anzahl Personen mit jedem Resultat

Ihre Resultats-Entwicklung

Sie haben dieses Quiz noch nicht gespielt